000 00575nam a22001817a 4500
999 _c192614
_d192614
005 20220928105508.0
010 _aENG-135221
020 _a9788179941362
_c250.00
035 _aEN-118753
037 _bDBAD/PUB
082 _a294.538
100 _aKashyap,R.L.
245 _aYajna:Physical and Subtle
_cby R.L.Kashyap
_bvarious yajna,modes of worship & inward practices/
260 _bSakshi
_c2015
_aBangalore
270 _a# 63,13th Main,4th Block East,Jayanagar,
_bBangalore
_e560011
300 _ax,140p.
_c22cm(pbk)
942 _2ddc
_cEN
_h294.538
_mKAS